000 00370nam a2200157Ia 4500
008 230711s9999||||xx |||||||||||||| ||und||
041 _aENG
082 _a720
_bHE-I
100 _aHettich Dr.Andreas
245 0 _aIcons and reflections of Architecture
250 _a1st
260 _c2009
_aNew Delhi
_bHettich
300 _a151
650 _aArchitecture
942 _cBK
999 _c5042
_d5042